Responses for Show #1056 - Monday, March 20, 1989

Contestants

[<< previous game]

Carol Vasconcellos, a physician originally from Fall River, Massachusetts

Ronald Matsumura, a U.S. Air Force officer from Dayton, Ohio

Paul Curry, a training consultant from Laguna Hills, California (whose 1-day cash winnings total $7,801)

[next game >>]

Jeopardy! Round responses

SHOW MUSIC
CATS
WORDS
ITALY
POT LUCK
THE 1988 EMMYS
    $100 1
"a tramp"

Ronald
    $100 13
eyes

Ronald
    $100 3
a kidney

Carol
    $100 20
the president

Carol
    $100 11
(Alex: Yeah, [**] particularly because in cold weather you get icicles forming here; it's very embarrassing.)

a beard (or mustache)

Paul
    $100 9
ALF

Carol
    $200 2
Dolly

Carol
    $200 16
the jaguar

Carol
    $200 4
a dipstick

Paul
    $200 21
[NOTE: Local lore holds that Leonardo was born in the nearby village of Anchiano, as noted in BIRTH OF AN ARTIST $400 in show #8718, aired 2022-10-12 and the Final Jeopardy! clue of primetime Celebrity Jeopardy! show #13, aired 2023-02-02.]

Vinci

Paul
    $200 24
glass

Paul
    $200 14
Kirk Douglas

Triple Stumper
    $300 6
Kiss Me, Kate

Triple Stumper
    $300 17
a cheetah

Paul
    $300 5
(Carol: What is Bactrian?)

dromedary

PaulCarol
    $300 22
a piazza

Carol
    $300 25
breaking an egg

Carol
    $300 15
Maria Callas

Carol
    $400 7
can-can

Ronald
    $400 18
in a tree

Paul
    $400 10
prehensile

Paul
    $400 23
(Alex: And we've got less than a minute to go.)

Venice

Paul
    $400 26
spaghetti

Paul
    $500 8
talent

Triple Stumper
    $500 19
(Paul: What is waulering? Caterwaulering?)
[Accepted without remark]

caterwauling

Paul
    $500 12
(Ronald: What is a [*]?)
(Alex: Be more complete.)
(Ronald: Grand [*].)
...
(Alex: Ronald, unfortunately you misread the clue. We said "these 2 words".
[*] is one of them.
[**] was the other.
You have to be very careful.)

duchy & dukedom

Ronald
Triple Stumper
    $900 28
[The end-of-round signal sounds.]

olive oil & wine

Paul
    $500 27
Wimbledon

Triple Stumper

Scores at the first commercial break (after clue 13):

Paul Ronald Carol
$1,000 $100 $100

Scores at the end of the Jeopardy! Round:

Paul Ronald Carol
$4,300 $100 $1,300

Double Jeopardy! Round responses

"C" HERE
(Alex: And that means it will begin each correct response in the category.)
1968
COOKING TERMS
THE MILITARY
PSYCHOLOGY
LITERARY ANIMALS
    $200 2
Confucius

Paul
    $200 26
(Paul: What is "The Sound Of Silence"?)

"Mrs. Robinson"

PaulCarol
    $200 4
leaven

Ronald
    $200 1
kilts

Paul
    $200 21
Woody Allen

Paul
    $200 11
pigs

Carol
    $400 3
a canal

Carol
    $400 27
(Carol: What was the Asian flu?)

Hong Kong (flu)

RonaldCarol
    $400 14
skewers

Ronald
    $400 5
the Marines

Ronald
    $400 22
MD

Paul
    $400 13
a mouse

Carol
    $600 7
cross-country

Carol
    $600 28
baseball

Paul
    $600 17
au gratin

Carol
    $600 6
artillery

Carol
    $600 23
B.F. Skinner

Carol
    $600 15
James Thurber

Triple Stumper
    $800 8
a candy striper

Ronald
    $800 29
the Gateway to the West (Gateway Arch)

Paul
    $800 18
(Carol: What is Delmonico?)

lyonnaise

Carol
Triple Stumper
    $800 9
Germany

Paul
    $600 24
the control group

Carol
    $800 16
Big Red

Carol
    $1000 10
a chalice

Paul
    $1,000 30
(Alex: He was arrested at Heathrow Airport.)

London

Paul
    $1000 19
butter & flour

Carol
    $1000 12
(William) Halsey (Jr.)

Ronald
    $1000 25
(Paul: Who is Freud?)

Carl Jung

PaulCarol
    $1000 20
the walrus

Carol

Scores at the end of the Double Jeopardy! Round:

Paul Ronald Carol
$8,300 $3,300 $8,100

[wagering suggestions for these scores]

Final Jeopardy! Round responses

BRITISH HISTORY
RonaldWho was Mar
$3,291
CarolWho was Mary?
$1,498
PaulWho is Anne?
$8,000
Queen Anne

Final scores:

Paul Ronald Carol
$16,300 $9 $6,602
2-day champion: $24,101 3rd place: Dykstra Glass grandfather clock 2nd place: a Caribbean cruise from St. Martin to the Bahamas

Game dynamics:

Coryat scores:

Paul Ronald Carol
$7,900 $3,300 $8,300
21 R
(including 2 DDs),
2 W
9 R,
1 W
21 R
(including 1 DD),
3 W

Combined Coryat: $19,500

[game clues] [game scores] [suggest correction]

Game tape date: 1988-12-05
The J! Archive is created by fans, for fans. Scraping, republication, monetization, and malicious use prohibited; this site may use cookies and collect identifying information. See terms. The Jeopardy! game show and all elements thereof, including but not limited to copyright and trademark thereto, are the property of Jeopardy Productions, Inc. and are protected under law. This website is not affiliated with, sponsored by, or operated by Jeopardy Productions, Inc. Join the discussion at JBoard.tv.